Every Song by Bring Me the Horizon - Statistics

General Stats
  • This quiz has been taken 184 times
    140 since last reset
  • The average score is 50 of 107
Answer Stats
Album Song % Correct
POST HUMAN: NeX GEn(2024) n/A
98%
Sempiternal(2013) Can You Feel My Heart
93%
Post Human: Survival Horror(2020) Kingslayer
83%
Sempiternal(2013) Shadow Moses
80%
That's the Spirit(2015) Throne
79%
That's the Spirit(2015) Drown
78%
That's the Spirit(2015) Avalanche
76%
Sempiternal(2013) Sleepwalking
76%
That's the Spirit(2015) Happy Song
74%
Sempiternal(2013) The House of Wolves
73%
That's the Spirit(2015) True Friends
72%
That's the Spirit(2015) Doomed
71%
POST HUMAN: NeX GEn(2024) Kool-Aid
70%
That's the Spirit(2015) Follow You
69%
POST HUMAN: NeX GEn(2024) LosT
69%
Post Human: Survival Horror(2020) Dear Diary,
68%
Post Human: Survival Horror(2020) Obey
68%
Post Human: Survival Horror(2020) 1x1
67%
Suicide Season(2008) Chelsea Smile
67%
Post Human: Survival Horror(2020) Parasite Eve
67%
POST HUMAN: NeX GEn(2024) DiE4u
66%
amo(2019) Mantra
64%
Post Human: Survival Horror(2020) Ludens
63%
That's the Spirit(2015) Oh No
63%
POST HUMAN: NeX GEn(2024) Top 10 StaTues THat CriEd BloOd
63%
POST HUMAN: NeX GEn(2024) AmEN!
62%
Sempiternal(2013) Antivist
62%
POST HUMAN: NeX GEn(2024) DArkSide
62%
Post Human: Survival Horror(2020) Teardrops
62%
POST HUMAN: NeX GEn(2024) sTraNgeRs
61%
POST HUMAN: NeX GEn(2024) liMOusine
59%
POST HUMAN: NeX GEn(2024) YOUtopia
59%
Sempiternal(2013) And the Snakes Start to Sing
58%
There is a Hell Believe Me I've Seen It. There is a Heaven Let's Keep It a Secret.(2010) It Never Ends
58%
amo(2019) Heavy Metal
58%
amo(2019) Medicine
57%
Count Your Blessings(2006) Pray for Plagues
57%
That's the Spirit(2015) Run
57%
That's the Spirit(2015) Blasphemy
56%
Sempiternal(2013) Empire (Let Them Sing)
56%
Suicide Season(2008) Diamonds Aren't Forever
54%
Sempiternal(2013) Go to Hell, for Heaven's Sake
54%
Sempiternal(2013) Hospital for Souls
54%
amo(2019) Sugar Honey Ice & Tea
54%
amo(2019) Mother Tongue
53%
Suicide Season(2008) Suicide Season
53%
POST HUMAN: NeX GEn(2024) A bulleT w/ My NamE On
52%
POST HUMAN: NeX GEn(2024) R.i.p.
50%
amo(2019) Wonderful Life
50%
Sempiternal(2013) Join the Club
49%
Sempiternal(2013) Crooked Young
48%
amo(2019) Nihilist Blues
48%
There is a Hell Believe Me I've Seen It. There is a Heaven Let's Keep It a Secret.(2010) Crucify Me
47%
Sempiternal(2013) Deathbeds
47%
POST HUMAN: NeX GEn(2024) DIg It
47%
Post Human: Survival Horror(2020) Itch for the Cure (When Will We Be Free?)
47%
There is a Hell Believe Me I've Seen It. There is a Heaven Let's Keep It a Secret.(2010) Alligator Blood
46%
Post Human: Survival Horror(2020) One Day the Only Butterflies Left Will Be in Your Chest as You March Towards Your Death
44%
That's the Spirit(2015) What You Need
44%
There is a Hell Believe Me I've Seen It. There is a Heaven Let's Keep It a Secret.(2010) Fuck
43%
amo(2019) In the Dark
42%
amo(2019) Ouch
42%
amo(2019) Why You Gotta Kick Me When I'm Down?
41%
There is a Hell Believe Me I've Seen It. There is a Heaven Let's Keep It a Secret.(2010) Blessed with a Curse
40%
There is a Hell Believe Me I've Seen It. There is a Heaven Let's Keep It a Secret.(2010) Don't Go
40%
Sempiternal(2013) Seen It All Before
40%
amo(2019) I Apologise If You Feel Something
39%
Count Your Blessings(2006) Black & Blue
38%
Suicide Season(2008) The Comedown
38%
There is a Hell Believe Me I've Seen It. There is a Heaven Let's Keep It a Secret.(2010) Blacklist
37%
Suicide Season(2008) Football Season Is Over
37%
amo(2019) I Don't Know What to Say
37%
Suicide Season(2008) It Was Written in Blood
36%
There is a Hell Believe Me I've Seen It. There is a Heaven Let's Keep It a Secret.(2010) Anthem
34%
POST HUMAN: NeX GEn(2024) [ost] dreamseeker
34%
POST HUMAN: NeX GEn(2024) [ost] p.u.s.s.-e
34%
POST HUMAN: NeX GEn(2024) [ost] (spi)ritual
33%
Suicide Season(2008) The Sadness Will Never End
33%
amo(2019) Fresh Bruises
32%
There is a Hell Believe Me I've Seen It. There is a Heaven Let's Keep It a Secret.(2010) The Fox and the Wolf
32%
Suicide Season(2008) Death Breath
31%
Count Your Blessings(2006) For Stevie Wonders Eyes Only
31%
There is a Hell Believe Me I've Seen It. There is a Heaven Let's Keep It a Secret.(2010) Home Sweet Hole
31%
Count Your Blessings(2006) Tell Slater Not to Wash His Dick
31%
There is a Hell Believe Me I've Seen It. There is a Heaven Let's Keep It a Secret.(2010) Visions
31%
This is What the Edge of Your Seat Was Made For(2004) Rawwwrr!
30%
Count Your Blessings(2006) (I Used to Make Out With) Medusa
29%
There is a Hell Believe Me I've Seen It. There is a Heaven Let's Keep It a Secret.(2010) Memorial
28%
Count Your Blessings(2006) Off the Heezay
27%
Count Your Blessings(2006) A Lot Like Vegas
26%
Count Your Blessings(2006) Fifteen Fathoms, Counting
26%
Sempiternal(2013) Chasing Rainbows
24%
This is What the Edge of Your Seat Was Made For(2004) Traitors Never Play Hangman
24%
Suicide Season(2008) Sleep with One Eye Open
23%
This is What the Edge of Your Seat Was Made For(2004) RE: They Have No Reflections
22%
Music to Listen To...(2019) Underground Big
21%
This is What the Edge of Your Seat Was Made For(2004) Who Wants Flowers When You're Dead? Nobody.
21%
Count Your Blessings(2006) Liquor & Love Lost
20%
Count Your Blessings(2006) Slow Dance
20%
Music to Listen To...(2019) Steal Something.
20%
Music to Listen To...(2019) ¿
18%
Suicide Season(2008) No Need for Introductions, I've Read About Girls Like You on the Backs of Toilet Doors
18%
Music to Listen To...(2019) A Devastating Liberation
12%
Music to Listen To...(2019) "like seeing spiders running riot on your lover's grave"
11%
Music to Listen To...(2019) Tapes
10%
Music to Listen To...(2019) Candy Truck / You Expected: LAB Your Result: Green
0%
Music to Listen To...(2019) Dead Dolphin Sounds 'aid brain growth in unborn child' Virtual Therapy / Nature Healing 2 Hours
0%
No matching quizzes found
Score Distribution
Percent of People with Each Score
Percentile by Number Answered
Your Score History
You have not taken this quiz since the last reset